000 00615nam a2200217 a 4500
005 20240925065535.0
008 991125s2001 es 000 0 spa u
020 _a8477388342
035 _aUPN01000004625
049 _aCG
050 4 _aHM61
_bB6.3
100 1 _aBoladeras Cucurella, Margarita
245 1 0 _aFilosofía social /
_cMargarita Boladera, Neus Campillo.
260 _aMadrid :
_bSíntesis,
_c2001.
300 _a271 p.
440 0 _aSíntesis filosofía ;
_v17.
_pThémata
650 4 _aSociología
_95756
650 4 _aCiencias sociales
_99133
700 1 _aCampillo, Neus,
_ecoaut.
905 _aLibro
999 _c4625
_d4625